00412nam a2200145Ia 450000500170000000800410001702000180005808200130007610000140008924500800010325000090018326000490019230000120024165000130025320240603233922.0240331s9999 xx 000 0 und d a9789551040451 bREMa362 aRemnant,F 4aThe multiple dimensions of child povery in Sri Lanka :ba literature review a1 st aColombobCenter for Poverty Analysis c2008  a287 p., aPoverty